Benchmarking:A Practitoner,s Guide for Becoming and staying Best of the Best (Record no. 23795)
[ view plain ]
| 000 -LEADER | |
|---|---|
| fixed length control field | 00362nam a22001097a 4500 |
| 008 - FIXED-LENGTH DATA ELEMENTS--GENERAL INFORMATION | |
| fixed length control field | 140122b xxu||||| |||| 00| 0 eng d |
| 020 ## - INTERNATIONAL STANDARD BOOK NUMBER | |
| International Standard Book Number | 0963216716 |
| Terms of availability | Available |
| 082 ## - DEWEY DECIMAL CLASSIFICATION NUMBER | |
| Edition number | Second Ed |
| Classification number | 658.5GER |
| Author Mark | 002538 |
| 100 ## - MAIN ENTRY--PERSONAL NAME | |
| Miscellaneous information | PB,194p |
| 245 ## - TITLE STATEMENT | |
| Title | Benchmarking:A Practitoner,s Guide for Becoming and staying Best of the Best |
| Statement of responsibility, etc. | Balm Gerald J |
| 260 ## - PUBLICATION, DISTRIBUTION, ETC. | |
| Place of publication, distribution, etc. | USA |
| Name of publisher, distributor, etc. | Gerald J Balm |
| Date of publication, distribution, etc. | 1992 |
| Withdrawn status | Lost status | Source of classification or shelving scheme | Damaged status | Not for loan | Permanent Location | Current Location | Shelving location | Date acquired | Total Checkouts | Full call number | Barcode | Date last seen | Price effective from | Koha item type |
|---|---|---|---|---|---|---|---|---|---|---|---|---|---|---|
| School of Interdisciplinary Engineering and Sciences (SINES) | School of Interdisciplinary Engineering and Sciences (SINES) | 01/22/2014 | 658.5GER | RCMS002538 | 01/22/2014 | 01/22/2014 | Book |
